000
00254nam a22001097a 4500
008
160507b xxu||||| |||| 00| 0 eng d
020
_a
0442203837
041
_a
eng
080
_a
573
245
_a
Basic cell biology:
_c
Charlotte J. Avers;
942
_2
udc
_c
BK
999
_c
1926
_d
1926